ბათუმის შოთა რუსთაველის სახელმწიფო უნივერსიტეტის ბიბლიოთეკა

ფრანგული დეკადანსის პოეზია ქართველ ცისფერყანწელთა შემოქმედებაში : (ბიბ.ჩანაწერი № 54195)

000 -ლიდერი
ფიქსირებული სიგრძის საკონტროლო ველი 01635nam a2200301Ia 4500
001 - საკონტროლო ნომერი
საკონტროლო ველი 21251
003 - საკონტროლო ნომრის იდენტიფიკატორი
საკონტროლო ველი GE_BSU
005 - ბოლო ოპერაციის თარიღი და დრო
საკონტროლო ველი 20211018152035.0
008 - ფიქსირებული სიგრძის მონაცემთა ელემენტები - ზოგადი ინფორმაცია
ფიქსირებული სიგრძის საკონტროლო ველი 181216s2009||||ge |||||||||||||| ||geo||
020 ## - წიგნის საერთაშორისო სტანდარტული ნომერი
International Standard Book Number 9789941409066
040 ## - კატალოგიზაციის წყარო
Transcribing agency GE_BSU
041 ## - ენის კოდი
Language code of text/sound track or separate title geo
080 ## - უნივერსალური ათობითი კლასიფიკაციის ინდექსი
Universal Decimal Classification number 821.133.1.091:821.353.1 დ-15
100 ## - მთავარი ჩანაწერი - პიროვნების სახელი
Personal name დავითაძე, თამილა
9 (RLIN) 6052
245 ## - ცნობა სათაურის შესახებ
Title ფრანგული დეკადანსის პოეზია ქართველ ცისფერყანწელთა შემოქმედებაში :
Remainder of title პაოლო იაშვილი /
Statement of responsibility, etc თამილა დავითაძე ; რედ. თ. კობახიძე, ე. დავითაძე.
264 ## - წარმოების, გამოცემის, დისტრიბუციის და სხვა ცნობები
გამოცემის, წარმოების, დისტრიბუციის... ადგილი ბათუმი :
გამოცემის, წარმოების, დისტრიბუციის... სახელწოდება ბსუ,
გამოცემის, წარმოების, დისტრიბუციის... თარიღი 2009.
300 ## - ფიზიკური აღწერა
Extent 276 გვ. ;
Dimensions 22 სმ.
500 ## - ზოგადი შენიშვნა
General note განმარტებანი გვ. 258-260
504 ## - BIBLIOGRAPHY, ETC. NOTE
Bibliography, etc ბიბლიოგრაფია გვ. 248-257
653 ## - INDEX TERM--UNCONTROLLED
Uncontrolled term ფრანგული დეკადანსის პოეზია ქართველ ცისფერყანწელთა შემოქმედებაში
653 ## - INDEX TERM--UNCONTROLLED
Uncontrolled term პაოლო იაშვილი
653 ## - INDEX TERM--UNCONTROLLED
Uncontrolled term ფრანგული ლიტერატურა
700 ## - ADDED ENTRY--PERSONAL NAME
Personal name კობახიძე, თ.
Relator term რედაქტორი
9 (RLIN) 4552
700 ## - ADDED ENTRY--PERSONAL NAME
Personal name დავითაძე, ე.
Relator term რედაქტორი
9 (RLIN) 4180
710 ## - ADDED ENTRY--CORPORATE NAME
Corporate name or jurisdiction name as entry element შოთა რუსთაველის სახელმწიფო უნივერსიტეტი
9 (RLIN) 12677
942 ## - ADDED ENTRY ELEMENTS (KOHA)
Koha item type წიგნი
Source of classification or shelving scheme
ეგზემპლარები
ჩამოწერის სტატუსი დაკარგული ეგზემპლარის სტატუსი კლასიფიკაციის წყარო ან თაროზე გაწყობის სქემა დაზიანების სტატუსი არ გაიცემა მუდმივი მდებარეობა (დაცვის ადგილი) ამჟამინდელი ადგილსამყოფელი თაროზე განთავსების ადგილი შეძენის თარიღი ღირებულება, შესყიდვის ნორმალური ფასი სრული შენახვის შიფრი შტრიხკოდი ბოლო ოპერაციის თარიღი ეგზემპლარის მიმდევრობითი ნომერი (კეტერი?) ფასის ძალაში შესვლის თარიღი ეგზემპლარის სახეობა საჯარო შენიშვნა
          ბათუმის შოთა რუსთაველის სახელმწიფო უნივერსიტეტის მთავარი ბიბლიოთეკა ბათუმის შოთა რუსთაველის სახელმწიფო უნივერსიტეტის მთავარი ბიბლიოთეკა წიგნსაცავი 2018-12-17 8.80 821.133.1.091:821.353.1 დ-15 55138 2018-12-17 55138 2018-12-17 წიგნი 8.80 ₾.
          ბათუმის შოთა რუსთაველის სახელმწიფო უნივერსიტეტის მთავარი ბიბლიოთეკა ბათუმის შოთა რუსთაველის სახელმწიფო უნივერსიტეტის მთავარი ბიბლიოთეკა წიგნსაცავი 2018-12-17 8.80 821.133.1.091:821.353.1 დ-15 55139 2018-12-17 55139 2018-12-17 წიგნი 8.80 ₾.
          ბათუმის შოთა რუსთაველის სახელმწიფო უნივერსიტეტის მთავარი ბიბლიოთეკა ბათუმის შოთა რუსთაველის სახელმწიფო უნივერსიტეტის მთავარი ბიბლიოთეკა წიგნსაცავი 2018-12-17 8.80 821.133.1.091:821.353.1 დ-15 55140 2018-12-17 55140 2018-12-17 წიგნი 8.80 ₾.
          ბათუმის შოთა რუსთაველის სახელმწიფო უნივერსიტეტის მთავარი ბიბლიოთეკა ბათუმის შოთა რუსთაველის სახელმწიფო უნივერსიტეტის მთავარი ბიბლიოთეკა წიგნსაცავი 2018-12-17 8.80 821.133.1.091:821.353.1 დ-15 55141 2018-12-17 55141 2018-12-17 წიგნი 8.80 ₾.
          ბათუმის შოთა რუსთაველის სახელმწიფო უნივერსიტეტის მთავარი ბიბლიოთეკა ბათუმის შოთა რუსთაველის სახელმწიფო უნივერსიტეტის მთავარი ბიბლიოთეკა წიგნსაცავი 2018-12-17 8.80 821.133.1.091:821.353.1 დ-15 55142 2018-12-17 55142 2018-12-17 წიგნი 8.80 ₾.
          ბათუმის შოთა რუსთაველის სახელმწიფო უნივერსიტეტის მთავარი ბიბლიოთეკა ბათუმის შოთა რუსთაველის სახელმწიფო უნივერსიტეტის მთავარი ბიბლიოთეკა წიგნსაცავი 2018-12-17 15.00 821.133.1.091:821.353.1 დ-15 56752 2018-12-17 56752 2018-12-17 წიგნი 15.00 ₾.
          ბათუმის შოთა რუსთაველის სახელმწიფო უნივერსიტეტის მთავარი ბიბლიოთეკა ბათუმის შოთა რუსთაველის სახელმწიფო უნივერსიტეტის მთავარი ბიბლიოთეკა წიგნსაცავი 2018-12-17 15.00 821.133.1.091:821.353.1 დ-15 56753 2018-12-17 56753 2018-12-17 წიგნი 15.00 ₾.
          ბათუმის შოთა რუსთაველის სახელმწიფო უნივერსიტეტის მთავარი ბიბლიოთეკა ბათუმის შოთა რუსთაველის სახელმწიფო უნივერსიტეტის მთავარი ბიბლიოთეკა   2023-07-20 15.00 821.133.1.091:821.353.1 დ-15 58616 2023-07-20 58616 2023-07-20 წიგნი 15.00 ₾.